| 000 | 00713cam a22002537a 4500 | ||
|---|---|---|---|
| 003 | CHAP | ||
| 005 | 20220817042153.0 | ||
| 008 | 971013s r 00010 d | ||
| 010 | _a36627 | ||
| 011 | _a37599 | ||
| 035 | _a41719 | ||
| 040 | _cCHAP | ||
| 090 | _aFolleto 1911 | ||
| 110 |
_aMéxico. Dirección General de Avicultura y Otras Especies Menores _976961 |
||
| 245 | 0 | _aPudo ser avicultor? | |
| 260 |
_aMéxico, D.F. : _bLa Dirección, _c(s.a.) |
||
| 300 | _a11 h | ||
| 590 |
_aBATCH-UPD _b10 _c20130110 _lUCH01 _h2030 |
||
| 590 |
_aCONVERSION _b10 _c20130109 _lUCH01 _h1320 |
||
| 650 | 1 | 4 | _aAvicultura. |
| 901 | _aBK | ||
| 942 | _cLIBRO | ||
| 949 |
_aFolleto 1911 _bBC _cFOLL _d-95907 _eLIBRO _i41719 _si |
||
| 999 |
_c36627 _d36627 |
||